Funding for Flood and Coastal Erosion Risk Management in England. (Record no. 115296)

MARC details
000 -LEADER
fixed length control field 00911cad a22001815a 4500
001 - CONTROL NUMBER
control field L158417
008 - FIXED-LENGTH DATA ELEMENTS--GENERAL INFORMATION
fixed length control field 150210s2015 xxk f 000 0 eng d
035 ## - SYSTEM CONTROL NUMBER
System control number (Sirsi) u158417
041 0# - LANGUAGE CODE
Language code of text/sound track or separate title eng
110 2# - MAIN ENTRY--CORPORATE NAME
Corporate name or jurisdiction name as entry element United Kingdom
Subordinate unit Department for Environment Food and Rural Affairs
245 00 - TITLE STATEMENT
Title Funding for Flood and Coastal Erosion Risk Management in England.
260 ## - PUBLICATION, DISTRIBUTION, ETC.
Date of publication, distribution, etc. 2015
520 ## - SUMMARY, ETC.
Summary, etc. This document sets out government funding for flood and coastal erosion risk management in England since the financial year 2005/06. Further sets out the budget allocations as well as historical expenditure.
651 #4 - SUBJECT ADDED ENTRY--GEOGRAPHIC NAME
Geographic name England
Chronological subdivision 886-
690 ## - LOCAL SUBJECT ADDED ENTRY--TOPICAL TERM (OCLC, RLIN)
Topical term or geographic name as entry element Environment
9 (RLIN) 6238
856 40 - ELECTRONIC LOCATION AND ACCESS
Uniform Resource Identifier <a href="https://www.gov.uk/government/uploads/system/uploads/attachment_data/file/401305/Central_Government_Funding_for_Flood_and_Coastal_Erosion_Risk_Management_in_England_feb_2015.pdf">https://www.gov.uk/government/uploads/system/uploads/attachment_data/file/401305/Central_Government_Funding_for_Flood_and_Coastal_Erosion_Risk_Management_in_England_feb_2015.pdf</a>
Public note View the item free of charge at www.gov.uk
942 ## - ADDED ENTRY ELEMENTS (KOHA)
Suppress in OPAC 0
Holdings
Withdrawn status Lost status Source of classification or shelving scheme Damaged status Not for loan Home library Current library Shelving location Date acquired Total Checkouts Full call number Barcode Date last seen Copy number Price effective from Koha item type
    Dewey Decimal Classification     London London Online 10/02/2015   ONLINE PUBLICATION 158417-1001 06/08/2019 1 06/08/2019 Book